Parma Calcio Squad 2025-2026 - Statistics

General Stats
  • This quiz has been taken 159 times
    80 since last reset
  • The average score is 19 of 35
Answer Stats
# Position Nation Player % Correct
31 GK Japan Zion Suzuki
98%
10 MF Spain Adrián Bernabé
88%
9 FW Argentina Mateo Pellegrino
88%
- Coach Spain Carlos Cuesta
80%
15 DF Italy Enrico Delprato
80%
39 DF Australia Alessandro Circati
78%
40 GK Italy Edoardo Corvi
78%
16 MF Belgium Mandela Keita
78%
14 DF Italy Emanuele Valeri
74%
5 DF Argentina Lautaro Valenti
72%
17 FW Sweden Jacob Ondrejka
66%
37 DF Argentina Mariano Troilo
66%
7 FW Brazil Gabriel Strefezza
64%
8 MF Argentina Nahuel Estévez
64%
30 FW Bosnia and Herzegovina Milan Đurić
56%
22 MF Denmark Oliver Sørensen
56%
25 MF United States Benja Cremaschi
54%
27 DF Switzerland Sascha Britschgi
54%
32 FW Italy Patrick Cutrone
50%
11 FW Sweden Pontus Almqvist
50%
41 MF Italy Hans Nicolussi Caviglia
48%
13 GK Spain Vicente Guaita
48%
3 DF Senegal Abdoulaye Ndiaye
44%
21 MF Italy Gaetano Oristanio
44%
24 MF Argentina Christian Ordóñez
42%
7 FW Poland Adrian Benedyczak
40%
23 FW France Nesta Elphege
40%
23 MF Brazil Hernani
36%
18 DF Norway Mathias Løvik
34%
66 GK Italy Filippo Rinaldi
30%
20 FW Croatia Matija Frigan
28%
19 FW Slovenia Tjaš Begić
12%
29 DF Argentina Franco Carboni
10%
63 DF Italy Nicolas Trabucchi
8%
65 MF Italy Elia Plicco
6%
No matching quizzes found
Score Distribution
Percent of People with Each Score
Percentile by Number Answered
Your Score History
You have not taken this quiz since the last reset